000 00325nam a2200169Ia 4500
100 _aGardner/Lyza Danger
650 _aMobile
942 _cBK
366 _f20
654 _amobile web
245 _aHeadfirst mobile web
260 _bSPD
_c2012
082 _bGAR
300 _a441
546 _aENGLISH
999 _c27428
_d27428